000 00649nam a2200157 a 4500
001 000033837
005 20200930070547.0
008 110913s1791 sp a 000 0 spa d
040 _aDO-SdBNP
_bspa
_cBNPHU
082 _axxx
_bG216a
100 1 _aGarcía, Santiago
_99870
245 1 0 _aAdmirable y prodigiosa vida de la seráfica y esclarecida virgen Santa Catalina de Sena, de la tercera orden de penitencia que fundó Santo Domingo, inclito patriarca de la religión ilustre de predicadores /
_cSantiago García.
250 _a2a ed.
260 _aSalamanca, España :
_bOficina de D. Francisco de Toxar,
_c1791.
300 _a496 p. :
_bil. ;
_c20 cm.
999 _c33328
_d33328